MARC details
| 000 -LEADER |
| fixed length control field |
01802nam a2200517 4500 |
| 001 - CONTROL NUMBER |
| control field |
22314 |
| 003 - CONTROL NUMBER IDENTIFIER |
| control field |
VRT |
| 005 - DATE AND TIME OF LATEST TRANSACTION |
| control field |
20260326091502.0 |
| 008 - FIXED-LENGTH DATA ELEMENTS--GENERAL INFORMATION |
| fixed length control field |
191125s2019 xo o g 000 0bslo c |
| 020 ## - INTERNATIONAL STANDARD BOOK NUMBER |
| International Standard Book Number |
9788055169934 |
| Qualifying information |
(viazané) |
| 035 ## - SYSTEM CONTROL NUMBER |
| System control number |
a000649611 |
| 039 #9 - LEVEL OF BIBLIOGRAPHIC CONTROL AND CODING DETAIL [OBSOLETE] |
| Level of rules in bibliographic description |
202210111346 |
| Level of effort used to assign nonsubject heading access points |
AUTHORITY |
| Level of effort used to assign subject headings |
202003131027 |
| Level of effort used to assign classification |
drlickoj |
| Level of effort used to assign subject headings |
202003110943 |
| Level of effort used to assign classification |
fuskovaz |
| Level of effort used to assign subject headings |
201911250930 |
| Level of effort used to assign classification |
garajovk |
| 040 ## - CATALOGING SOURCE |
| Original cataloging agency |
PPPK |
| Language of cataloging |
slo |
| Transcribing agency |
PPPK |
| Modifying agency |
UKB |
| Description conventions |
rda |
| 041 0# - LANGUAGE CODE |
| Language code of text/sound track or separate title |
slo |
| 043 ## - GEOGRAPHIC AREA CODE |
| Geographic area code |
e-xo--- |
| 044 ## - COUNTRY OF PUBLISHING/PRODUCING ENTITY CODE |
| MARC country code |
xo |
| ISO country code |
SK |
| 072 #7 - SUBJECT CATEGORY CODE |
| Subject category code |
343 |
| Subject category code subdivision |
Trestné právo |
| Source |
konspekt |
| 072 #7 - SUBJECT CATEGORY CODE |
| Subject category code |
929 |
| Subject category code subdivision |
Biografie |
| Source |
konspekt |
| 080 ## - UNIVERSAL DECIMAL CLASSIFICATION NUMBER |
| Universal Decimal Classification number |
343.3/.7 |
| Edition identifier |
2011 |
| 080 ## - UNIVERSAL DECIMAL CLASSIFICATION NUMBER |
| Universal Decimal Classification number |
343.9.02 |
| Edition identifier |
2011 |
| 080 ## - UNIVERSAL DECIMAL CLASSIFICATION NUMBER |
| Universal Decimal Classification number |
343.163 |
| Edition identifier |
2011 |
| 080 ## - UNIVERSAL DECIMAL CLASSIFICATION NUMBER |
| Universal Decimal Classification number |
(437.6) |
| Edition identifier |
2011 |
| 080 ## - UNIVERSAL DECIMAL CLASSIFICATION NUMBER |
| Universal Decimal Classification number |
(092) |
| Edition identifier |
2011 |
| 080 ## - UNIVERSAL DECIMAL CLASSIFICATION NUMBER |
| Universal Decimal Classification number |
929 |
| Edition identifier |
2011 |
| 100 1# - MAIN ENTRY--PERSONAL NAME |
| Personal name |
Lacková, Ľudmila, |
| Dates associated with a name |
1965- |
| Relationship |
aut |
| 245 10 - TITLE STATEMENT |
| Title |
Proti zločinu |
| Remainder of title |
skutočný príbeh prokurátorky Evy Mišíkovej |
| Statement of responsibility, etc. |
Ľudmila Lacková |
| 246 30 - VARYING FORM OF TITLE |
| Title proper/short title |
Skutočný príbeh prokurátorky Evy Mišíkovej |
| 250 ## - EDITION STATEMENT |
| Edition statement |
Prvé vydanie |
| 264 #1 - PRODUCTION, PUBLICATION, DISTRIBUTION, MANUFACTURE, AND COPYRIGHT NOTICE |
| Place of production, publication, distribution, manufacture |
Bratislava |
| Name of producer, publisher, distributor, manufacturer |
Ikar |
| Date of production, publication, distribution, manufacture, or copyright notice |
2019 |
| 300 ## - PHYSICAL DESCRIPTION |
| Extent |
206 strán |
| Other physical details |
fotografie (prevažne farebné) |
| Dimensions |
21 cm |
| 336 ## - CONTENT TYPE |
| Content type term |
text |
| Content type code |
txt |
| Source |
rdacontent |
| 337 ## - MEDIA TYPE |
| Media type term |
bez média |
| Media type code |
n |
| Source |
rdamedia |
| 338 ## - CARRIER TYPE |
| Carrier type term |
zväzok |
| Carrier type code |
nc |
| Source |
rdacarrier |
| 600 17 - SUBJECT ADDED ENTRY--PERSONAL NAME |
| Personal name |
Mišíková, Eva, |
| Dates associated with a name |
1949- |
| Source of heading or term |
UKBPH |
| 610 17 - SUBJECT ADDED ENTRY--CORPORATE NAME |
| Corporate name or jurisdiction name as entry element |
Slovensko |
| General subdivision |
Generálna prokuratúra |
| Source of heading or term |
UKBPH |
| 650 07 - SUBJECT ADDED ENTRY--TOPICAL TERM |
| Topical term or geographic name entry element |
organizovaná kriminalita |
| Source of heading or term |
UKBPH |
| 650 07 - SUBJECT ADDED ENTRY--TOPICAL TERM |
| Topical term or geographic name entry element |
boj proti organizovanej kriminalite |
| Source of heading or term |
UKBPH |
| 650 07 - SUBJECT ADDED ENTRY--TOPICAL TERM |
| Topical term or geographic name entry element |
prokurátori |
| Geographic subdivision |
Slovensko |
| Chronological subdivision |
20.-21. storočie |
| Source of heading or term |
UKBPH |
| 655 #7 - INDEX TERM--GENRE/FORM |
| Genre/form data or focus term |
biografie |
| Source of term |
UKBPH |
| 982 ## - EQUIVALENCE OR CROSS-REFERENCE-SERIES STATEMENT--CONFERENCE OR MEETING NAME/TITLE [LOCAL, CANADA] |
| Meeting name or jurisdiction name as entry element |
PNL |
| 942 ## - ADDED ENTRY ELEMENTS (KOHA) |
| Source of classification or shelving scheme |
Dewey Decimal Classification |
| Koha item type |
Krásna literatúra pre dospelých |
| Suppress in OPAC |
No |
| 949 ## - LOCAL PROCESSING INFORMATION (OCLC) |
| 6 |
1800807197 |
| a |
SJ.D.22750 |
| b |
PV.2019-18968 |
| 949 ## - LOCAL PROCESSING INFORMATION (OCLC) |
| 6 |
1800807198 |
| a |
SK.D.89781 |
| b |
PV.2019-18969 |
| s |
6707:20200602 |
| 980 ## - EQUIVALENCE OR CROSS-REFERENCE-SERIES STATEMENT--PERSONAL NAME/TITLE [LOCAL, CANADA] |
| Personal name |
IKAR, a.s., Miletičova 23, 821 09 Bratislava |